[Event "Hillerod CC-chB"]
[Site "Hillerod"]
[Date "2018.03.13"]
[Round "6"]
[White "Paulsen, Laurids"]
[Black "Christophersen, David"]
[Result "1-0"]
[WhiteElo "1842"]
[BlackElo "1716"]
[PlyCount "85"]
[EventDate "2018.01.02"]
[EventType "tourn"]
[EventRounds "7"]
[EventCountry "DEN"]
[SourceTitle "EXT 2020"]
[Source "ChessBase"]
[SourceDate "2019.10.17"]
[SourceVersion "1"]
[SourceVersionDate "2019.10.17"]
[SourceQuality "1"]

1. c4 c5 2. Nc3 Nf6 3. g3 e6 4. Bg2 d5 5. cxd5 exd5 6. d4 Be6 7. Bg5 cxd4 8. Qxd4 Be7 9. Nf3 Nc6 10. Qd1 h6 11. Be3 Ng4 12. Bd4 Nxd4 13. Nxd4 Bc5 14. Nxe6 Bxf2+ 15. Kd2 Be3+ 16. Kc2 fxe6 17. Qd3 0-0 18. Qg6 Bg5 19. Qxe6+ Kh8 20. Qxg4 d4 21. Nd5 d3+ 22. Kxd3 Qa5 23. Qb4 Qa6+ 24. Qc4 b5 25. Qb4 Rf2 26. Bf3 Rd8 27. Be4 Rf5 28. Bxf5 Rxd5+ 29. Ke4 Rxf5 30. Rad1 Qe6+ 31. Kd3 Rd5+ 32. Kc3 Bf6+ 33. Kc2 Qf5+ 34. e4 Qf2+ 35. Rd2 Rxd2+ 36. Qxd2 Qc5+ 37. Kb1 g5 38. Qc2 Qe7 39. Rd1 Qb7 40. e5 Be7 41. e6 Qa6 42. Qg6 Qa5 43. Qe8+ 1-0

[Event "Helsingor Xtracon op"]
[Site "Helsingor"]
[Date "2017.07.29"]
[Round "9"]
[White "Christophersen, David"]
[Black "Stage, Mathias Juul"]
[Result "1-0"]
[WhiteElo "1741"]
[BlackElo "1544"]
[PlyCount "63"]
[EventDate "2017.07.22"]
[EventType "swiss"]
[EventRounds "10"]
[EventCountry "DEN"]
[SourceTitle "CBM 179 Extra"]
[Source "ChessBase"]
[SourceDate "2017.08.23"]
[SourceVersion "1"]
[SourceVersionDate "2017.08.23"]
[SourceQuality "1"]

1. d4 Nf6 2. Nc3 g6 3. e4 d6 4. Be3 Bg7 5. f3 0-0 6. Qd2 Re8 7. 0-0-0 Nc6 8. g4 e5 9. d5 Ne7 10. h4 a6 11. Nge2 b5 12. Ng3 Nxg4 13. fxg4 Bxg4 14. Be2 Bxe2 15. Ncxe2 Qd7 16. Rdf1 Rec8 17. h5 c5 18. hxg6 Nxg6 19. Nf5 a5 20. Neg3 Bh8 21. Nh6+ Kf8 22. Rxf7+ Qxf7 23. Nxf7 Kxf7 24. Rxh7+ Kg8 25. Qh2 a4 26. Nf5 a3 27. Ne7+ Nxe7 28. Rxh8+ Kf7 29. Qh7+ Kf6 30. Qh4+ Kg6 31. Qg5+ Kf7 32. Rh7+ 1-0

[Event "Helsingor Xtracon op"]
[Site "Helsingor"]
[Date "2017.07.25"]
[Round "5"]
[White "Kashwan, Hassan"]
[Black "Christophersen, David"]
[Result "1-0"]
[WhiteElo "1892"]
[BlackElo "1741"]
[PlyCount "67"]
[EventDate "2017.07.22"]
[EventType "swiss"]
[EventRounds "10"]
[EventCountry "DEN"]
[SourceTitle "CBM 179 Extra"]
[Source "ChessBase"]
[SourceDate "2017.08.23"]
[SourceVersion "1"]
[SourceVersionDate "2017.08.23"]
[SourceQuality "1"]

1. d4 f5 2. Qd3 d6 3. Nc3 Nf6 4. Bg5 Nc6 5. 0-0-0 Bd7 6. e4 fxe4 7. Nxe4 d5 8. Nc5 Qc8 9. Nxd7 Qxd7 10. g3 Ne4 11. Be3 e6 12. Qb3 Nd6 13. Nf3 Na5 14. Qc3 Qa4 15. Kb1 b5 16. b3 b4 17. Qc5 Ne4 18. Bb5+ c6 19. Bxa4 Bxc5 20. dxc5 Nc3+ 21. Ka1 Nxd1 22. Rxd1 Kd7 23. Bd4 Rhf8 24. Ne5+ Kc7 25. f4 g5 26. Nd3 h6 27. Re1 gxf4 28. Be5+ Kd7 29. Bxf4 h5 30. Nxb4 Rad8 31. Nd3 Rf5 32. Ne5+ Kc7 33. Nxc6+ Rxf4 34. Nxa5 1-0

[Event "Helsingor Xtracon op"]
[Site "Helsingor"]
[Date "2017.07.24"]
[Round "4"]
[White "Christophersen, David"]
[Black "Huse, Sigurd Kjelsbol"]
[Result "0-1"]
[WhiteElo "1741"]
[BlackElo "1944"]
[PlyCount "58"]
[EventDate "2017.07.22"]
[EventType "swiss"]
[EventRounds "10"]
[EventCountry "DEN"]
[SourceTitle "CBM 179 Extra"]
[Source "ChessBase"]
[SourceDate "2017.08.23"]
[SourceVersion "1"]
[SourceVersionDate "2017.08.23"]
[SourceQuality "1"]

1. c4 e5 2. g3 Nc6 3. Bg2 Bc5 4. Nc3 a6 5. d3 d6 6. Nf3 Nge7 7. 0-0 0-0 8. Be3 Bxe3 9. fxe3 f5 10. Nd2 Ng6 11. Nd5 Be6 12. Rf2 Kh8 13. Qb3 Rb8 14. Qc3 Nce7 15. Raf1 c6 16. Nxe7 Qxe7 17. Bf3 Qg5 18. d4 f4 19. Ne4 Qe7 20. exf4 exf4 21. Bh5 Bh3 22. Qc2 Bxf1 23. Bxg6 hxg6 24. Rxf1 fxg3 25. Nxg3 Qe3+ 26. Kg2 Rxf1 27. Nxf1 Qxd4 28. Qxg6 Rf8 29. Qg3 Qxc4 0-1

[Event "Helsingor Xtracon op"]
[Site "Helsingor"]
[Date "2017.07.23"]
[Round "3"]
[White "Roder, Peter Ulrik"]
[Black "Christophersen, David"]
[Result "1/2-1/2"]
[WhiteElo "2048"]
[BlackElo "1741"]
[PlyCount "63"]
[EventDate "2017.07.22"]
[EventType "swiss"]
[EventRounds "10"]
[EventCountry "DEN"]
[SourceTitle "CBM 179 Extra"]
[Source "ChessBase"]
[SourceDate "2017.08.23"]
[SourceVersion "1"]
[SourceVersionDate "2017.08.23"]
[SourceQuality "1"]

1. e4 c5 2. Nf3 g6 3. d3 Bg7 4. g3 Nc6 5. Bg2 d6 6. 0-0 Nf6 7. c3 e5 8. Re1 Bg4 9. h3 Be6 10. d4 exd4 11. cxd4 cxd4 12. Nxd4 Nxd4 13. Qxd4 0-0 14. Nc3 Nd5 15. Qd3 Nxc3 16. bxc3 Qd7 17. Kh2 Rac8 18. Bd2 f5 19. exf5 Rxf5 20. f4 Rh5 21. h4 Rhc5 22. Rab1 b6 23. Rbc1 Bxa2 24. Bh3 Qd8 25. Bxc8 Qxc8 26. Re7 Rd5 27. Qe3 Qf5 28. Rxa7 Bc4 29. Be1 Rd3 30. Qe8+ Bf8 31. Qd7 Qh5 32. Qh3 1/2-1/2

[Event "Copenhagen Challenge"]
[Site "Ballerup"]
[Date "2017.05.14"]
[Round "9"]
[White "Christophersen, David"]
[Black "Larsen, Preben R"]
[Result "0-1"]
[WhiteElo "1788"]
[BlackElo "1841"]
[PlyCount "58"]
[EventDate "2017.05.10"]
[EventType "swiss"]
[EventRounds "9"]
[EventCountry "DEN"]
[SourceTitle "CBM 178 Extra"]
[Source "ChessBase"]
[SourceDate "2017.06.22"]
[SourceVersion "1"]
[SourceVersionDate "2017.06.22"]
[SourceQuality "1"]

1. c4 Nf6 2. g3 e6 3. Bg2 Be7 4. Nc3 0-0 5. d4 d5 6. c5 b6 7. b4 a5 8. Ba3 axb4 9. Bxb4 Na6 10. a3 bxc5 11. dxc5 Nxc5 12. Nf3 Ncd7 13. Qb3 c5 14. Nxd5 Nxd5 15. Bd2 Qc7 16. Bg5 Bxg5 17. Nxg5 Qa5+ 18. Kf1 Rb8 19. Qc2 N7f6 20. e4 Qc3 21. Qd1 Ba6+ 22. Kg1 Ne3 23. Qc1 Qxc1+ 24. Rxc1 Nxg2 25. Kxg2 h6 26. h4 hxg5 27. hxg5 Nxe4 28. Rh4 Nxg5 29. Rch1 Bb7+ 0-1

[Event "Copenhagen Challenge"]
[Site "Ballerup"]
[Date "2017.05.14"]
[Round "8"]
[White "Winther, Bjarke Rosenborg"]
[Black "Christophersen, David"]
[Result "0-1"]
[WhiteElo "1784"]
[BlackElo "1788"]
[PlyCount "42"]
[EventDate "2017.05.10"]
[EventType "swiss"]
[EventRounds "9"]
[EventCountry "DEN"]
[SourceTitle "CBM 178 Extra"]
[Source "ChessBase"]
[SourceDate "2017.06.22"]
[SourceVersion "1"]
[SourceVersionDate "2017.06.22"]
[SourceQuality "1"]

1. e4 c5 2. Nf3 g6 3. d4 cxd4 4. Qxd4 Nf6 5. Nc3 Nc6 6. Qa4 d6 7. e5 Ng4 8. Bb5 Bg7 9. exd6 Qxd6 10. 0-0 0-0 11. Bf4 e5 12. Ne4 Qc7 13. Bd2 f5 14. Ng3 h6 15. h3 e4 16. Nh4 Nge5 17. f4 exf3 18. Nxf3 Nxf3+ 19. Rxf3 Nd4 20. Qc4+ Rf7 21. Qxc7 Nxf3+ 0-1

[Event "Copenhagen Challenge"]
[Site "Ballerup"]
[Date "2017.05.12"]
[Round "5"]
[White "Christophersen, David"]
[Black "Larsen, Ulrik"]
[Result "0-1"]
[WhiteElo "1788"]
[BlackElo "1938"]
[PlyCount "68"]
[EventDate "2017.05.10"]
[EventType "swiss"]
[EventRounds "9"]
[EventCountry "DEN"]
[SourceTitle "CBM 178 Extra"]
[Source "ChessBase"]
[SourceDate "2017.06.22"]
[SourceVersion "1"]
[SourceVersionDate "2017.06.22"]
[SourceQuality "1"]

1. c4 Nf6 2. g3 g6 3. Bg2 Bg7 4. Nc3 0-0 5. e4 d6 6. Nge2 c5 7. 0-0 Nc6 8. d3 a6 9. Bg5 h6 10. Be3 Rb8 11. Qd2 Ng4 12. a4 Bd7 13. h3 Nxe3 14. fxe3 Na5 15. Qc2 b5 16. axb5 axb5 17. Nd5 bxc4 18. Nxe7+ Qxe7 19. Rxa5 Rxb2 20. Qd1 cxd3 21. Nf4 c4 22. Nd5 Rxg2+ 23. Kxg2 Qxe4+ 24. Kh2 Rb8 25. Rf2 Bc6 26. Qf3 Qxf3 27. Rxf3 Rb2+ 28. Kg1 d2 29. Rf1 Bxd5 30. Rxd5 Be5 31. Ra5 c3 32. Ra8+ Kg7 33. Ra7 Bf6 34. g4 c2 0-1

[Event "Copenhagen Challenge"]
[Site "Ballerup"]
[Date "2017.05.12"]
[Round "4"]
[White "Fossan, Andreas"]
[Black "Christophersen, David"]
[Result "1-0"]
[WhiteElo "1994"]
[BlackElo "1788"]
[PlyCount "67"]
[EventDate "2017.05.10"]
[EventType "swiss"]
[EventRounds "9"]
[EventCountry "DEN"]
[SourceTitle "CBM 178 Extra"]
[Source "ChessBase"]
[SourceDate "2017.06.22"]
[SourceVersion "1"]
[SourceVersionDate "2017.06.22"]
[SourceQuality "1"]

1. d4 f5 2. Nc3 Nf6 3. Bg5 e6 4. e4 h6 5. Bxf6 Qxf6 6. exf5 exf5 7. Bc4 Bb4 8. Nge2 Nc6 9. 0-0 Na5 10. Qd3 c6 11. Rfe1 d5 12. Bxd5 cxd5 13. Nxd5 Qd6 14. c3 0-0 15. Nxb4 Be6 16. Qg3 Qd7 17. Nf4 Bf7 18. Nfd3 Bh5 19. f4 Nc4 20. Ne5 Nxe5 21. Rxe5 Kh8 22. Rae1 Rae8 23. Nd3 Qa4 24. a3 Qc2 25. Qe3 Rxe5 26. fxe5 g5 27. e6 f4 28. Qe5+ Kg8 29. e7 Re8 30. Nxf4 Bf7 31. Nd5 Bxd5 32. Qxd5+ Kg7 33. Qe5+ Kg8 34. Qf6 1-0

[Event "Hillerod-ch A"]
[Site "Hillerod"]
[Date "2017.05.??"]
[Round "7"]
[White "Steenstrup, Svend"]
[Black "Christophersen, David"]
[Result "1-0"]
[WhiteElo "1900"]
[BlackElo "1778"]
[PlyCount "51"]
[EventDate "2017.05.02"]
[EventType "tourn"]
[EventRounds "7"]
[EventCountry "DEN"]
[SourceTitle "EXT 2023"]
[Source "ChessBase"]
[SourceDate "2022.10.05"]
[SourceVersion "1"]
[SourceVersionDate "2022.10.05"]
[SourceQuality "1"]

1. d4 f5 2. c4 e6 3. Nf3 Nf6 4. Nc3 Bb4 5. Qb3 a5 6. a3 Bxc3+ 7. bxc3 0-0 8. a4 d6 9. g3 Qe8 10. Bg2 Nbd7 11. Ba3 Rb8 12. Qb5 Nb6 13. c5 Bd7 14. Qd3 Nxa4 15. cxd6 c5 16. dxc5 Ne4 17. Ne5 Naxc5 18. Bxc5 Nxc5 19. Qc4 Rc8 20. Rxa5 Ne4 21. Qb4 Nxc3 22. Qxb7 Qd8 23. Ra7 Rb8 24. Qxd7 Rb1+ 25. Kd2 Qg5+ 26. f4 1-0

[Event "Hillerod CC 1617 B"]
[Site "Hillerod"]
[Date "2017.02.21"]
[Round "6"]
[White "Christophersen, David"]
[Black "Pedersen, Jan"]
[Result "1-0"]
[WhiteElo "1794"]
[BlackElo "1528"]
[PlyCount "47"]
[EventDate "2016.12.13"]
[EventType "tourn"]
[EventRounds "9"]
[EventCountry "DEN"]
[SourceTitle "EXT 2023"]
[Source "ChessBase"]
[SourceDate "2022.10.05"]
[SourceVersion "1"]
[SourceVersionDate "2022.10.05"]
[SourceQuality "1"]

1. c4 e5 2. g3 Nf6 3. Bg2 Bc5 4. Nc3 0-0 5. e4 d6 6. Nge2 Nc6 7. Na4 Bd4 8. Nxd4 Nxd4 9. 0-0 Bg4 10. f3 Bh5 11. d3 h6 12. Nc3 Qd7 13. Be3 c5 14. Qd2 Bg6 15. f4 Ng4 16. Bh3 f5 17. Bxg4 fxg4 18. f5 Bh7 19. Bxd4 cxd4 20. Nd5 g5 21. fxg6 Bxg6 22. Nf6+ Rxf6 23. Rxf6 Qg7 24. Raf1 1-0

[Event "Hillerod CC 1617 B"]
[Site "Hillerod"]
[Date "2017.02.07"]
[Round "5"]
[White "Jahic, Afan"]
[Black "Christophersen, David"]
[Result "0-1"]
[WhiteElo "1375"]
[BlackElo "1794"]
[PlyCount "42"]
[EventDate "2016.12.13"]
[EventType "tourn"]
[EventRounds "9"]
[EventCountry "DEN"]
[SourceTitle "EXT 2023"]
[Source "ChessBase"]
[SourceDate "2022.10.05"]
[SourceVersion "1"]
[SourceVersionDate "2022.10.05"]
[SourceQuality "1"]

1. e4 c5 2. Nf3 g6 3. d4 cxd4 4. Nxd4 Nc6 5. Be3 Bg7 6. Be2 d6 7. Nc3 Nf6 8. f3 0-0 9. g4 Nd7 10. h4 Re8 11. h5 Qb6 12. Ncb5 a6 13. h6 Bh8 14. Nxc6 Qxe3 15. Nc7 bxc6 16. Nxe8 Ne5 17. c3 Nxf3+ 18. Kf1 Bxg4 19. Bxf3 Bxf3 20. Rh3 Be2+ 21. Kg2 Qxe4+ 0-1

[Event "Copenhagen Challenge"]
[Site "Ballerup"]
[Date "2016.04.22"]
[Round "4"]
[White "Tandrup, Michael"]
[Black "Christophersen, David"]
[Result "1-0"]
[WhiteElo "1961"]
[BlackElo "1764"]
[PlyCount "127"]
[EventDate "2016.04.20"]
[EventType "swiss"]
[EventRounds "9"]
[EventCountry "DEN"]
[SourceTitle "CBM 172 Extra"]
[Source "ChessBase"]
[SourceDate "2016.06.21"]
[SourceVersion "1"]
[SourceVersionDate "2016.06.21"]
[SourceQuality "1"]

1. c4 Nf6 2. g3 g6 3. Bg2 Bg7 4. Nc3 0-0 5. e4 d6 6. Nge2 c5 7. d3 Nc6 8. 0-0 Bd7 9. a3 Qc8 10. Rb1 Bh3 11. b4 Bxg2 12. Kxg2 Nd7 13. b5 Nd4 14. Nd5 Qd8 15. Bg5 f6 16. Be3 Nxe2 17. Qxe2 Nb6 18. Qg4 f5 19. Qh4 Nxd5 20. exd5 Bf6 21. Bg5 e5 22. Bxf6 Qxf6 23. Qxf6 Rxf6 24. f4 exf4 25. gxf4 a6 26. bxa6 Rxa6 27. Rxb7 Rxa3 28. Rf3 Rf7 29. Rb6 Rd7 30. h4 Kf7 31. Re3 Ra2+ 32. Kf3 Rh2 33. Kg3 Rd2 34. h5 Rd1 35. hxg6+ hxg6 36. Kf2 Rd2+ 37. Kf3 Rh2 38. Kg3 Rd2 39. Re6 Rxd3+ 40. Kh4 Rd4 41. Kg5 Rxc4 42. Rf6+ Ke7 43. Rxg6 Rb4 44. Ra6 Kf7 45. Rf6+ Kg7 46. Rg6+ Kf7 47. Rgxd6 Rxd6 48. Rxd6 c4 49. Kxf5 Rb1 50. Rd7+ Ke8 51. Rc7 Rc1 52. Ke6 Kd8 53. Kd6 c3 54. Rc4 c2 55. f5 Ke8 56. Rc7 Kd8 57. f6 Ke8 58. f7+ Kf8 59. Rc3 Kxf7 60. Kc6 Ke7 61. d6+ Kd8 62. Ra3 Ke8 63. d7+ Ke7 64. Re3+ 1-0

[Event "Copenhagen Challenge"]
[Site "Ballerup"]
[Date "2016.04.20"]
[Round "1"]
[White "Christophersen, David"]
[Black "Jacobsen, Mikkel Manosri"]
[Result "1/2-1/2"]
[WhiteElo "1764"]
[BlackElo "2210"]
[PlyCount "126"]
[EventDate "2016.04.20"]
[EventType "swiss"]
[EventRounds "9"]
[EventCountry "DEN"]
[SourceTitle "CBM 172 Extra"]
[Source "ChessBase"]
[SourceDate "2016.06.21"]
[SourceVersion "1"]
[SourceVersionDate "2016.06.21"]
[SourceQuality "1"]

1. d4 d5 2. Nf3 Nf6 3. Bf4 c5 4. e3 Nc6 5. Nbd2 cxd4 6. exd4 Qb6 7. Nb3 Bg4 8. c3 a5 9. Rb1 e6 10. Be2 Bf5 11. Bd3 Bxd3 12. Qxd3 Qa6 13. Qxa6 Rxa6 14. h3 b5 15. Ne5 Nxe5 16. Bxe5 Nd7 17. Bf4 Be7 18. 0-0 0-0 19. Nd2 Rc8 20. a3 Nb6 21. Rfc1 Nc4 22. Nxc4 Rxc4 23. Kf1 f6 24. Ke2 e5 25. Be3 Kf7 26. f4 e4 27. f5 Rc8 28. g4 Rh8 29. h4 g6 30. fxg6+ hxg6 31. Rh1 b4 32. axb4 axb4 33. Bd2 f5 34. gxf5 Rxh4 35. Rxh4 Bxh4 36. fxg6+ Rxg6 37. Rf1+ Ke6 38. cxb4 Rg2+ 39. Kd1 Bf2 40. Bc3 Rh2 41. b5 Kd7 42. b4 Kc7 43. Be1 e3 44. Bxf2 exf2 45. Ke2 Kb6 46. Rxf2 Rxf2+ 47. Kxf2 Kxb5 48. Ke3 Kxb4 49. Kd3 Kb3 50. Kd2 Kc4 51. Kc2 Kxd4 52. Kd2 Ke4 53. Ke2 d4 54. Kd2 d3 55. Kd1 Ke3 56. Ke1 Ke4 57. Kd2 Kd4 58. Kd1 Kc3 59. Kc1 Kd4 60. Kd2 Ke4 61. Kd1 Ke3 62. Ke1 d2+ 63. Kd1 Kd3 1/2-1/2

[Event "DEN-ch Kort 2"]
[Site "Svendborg"]
[Date "2016.03.20"]
[Round "2"]
[White "Christophersen, David"]
[Black "Rasmussen, Jens"]
[Result "1-0"]
[WhiteElo "1779"]
[BlackElo "1734"]
[PlyCount "111"]
[EventDate "2016.03.19"]
[EventType "swiss"]
[EventRounds "5"]
[EventCountry "DEN"]
[SourceTitle "EXT 2023"]
[Source "ChessBase"]
[SourceDate "2022.10.05"]
[SourceVersion "1"]
[SourceVersionDate "2022.10.05"]
[SourceQuality "1"]

1. d4 d5 2. Bf4 Nd7 3. Nf3 c6 4. c3 h6 5. Nbd2 Ngf6 6. Qc2 g5 7. Bg3 Bg7 8. e3 a6 9. Be2 b5 10. Ne5 Qb6 11. a4 Nxe5 12. Bxe5 0-0 13. axb5 cxb5 14. h4 g4 15. f3 h5 16. Bd3 Bh6 17. Nf1 Rd8 18. Bf5 Bxf5 19. Qxf5 Qe6 20. Qxe6 fxe6 21. Kf2 Rf8 22. Ng3 Ne4+ 23. Nxe4 dxe4 24. f4 Rfc8 25. Rhc1 Rc6 26. Ra5 Kf7 27. Ke2 Rac8 28. Kd2 Rb6 29. Rca1 Ra8 30. g3 Bg7 31. Rf1 Bf6 32. f5 Bxe5 33. dxe5 Rd8+ 34. Kc2 Rc8 35. fxe6+ Kg6 36. Rfa1 Rcc6 37. Rd1 Rxe6 38. Rd5 Kf5 39. Ra1 Rxe5 40. Rf1+ Ke6 41. Rxe5+ Kxe5 42. Rf7 Re6 43. Rh7 Rf6 44. Rxh5+ Kd6 45. Rg5 Rf2+ 46. Kb3 Re2 47. Rxg4 a5 48. Rxe4 e5 49. h5 Kd5 50. Rh4 a4+ 51. Ka2 Rxe3 52. h6 Rxg3 53. h7 a3 54. Kxa3 Rg7 55. h8Q Ra7+ 56. Kb3 1-0

[Event "Politiken Cup 37th"]
[Site "Helsingor"]
[Date "2015.07.29"]
[Round "6"]
[White "Morkedal, Oyvind"]
[Black "Christophersen, David"]
[Result "1-0"]
[WhiteElo "1689"]
[BlackElo "1854"]
[PlyCount "87"]
[EventDate "2015.07.25"]
[EventType "swiss"]
[EventRounds "10"]
[EventCountry "DEN"]
[SourceTitle "CBM 167 Extra"]
[Source "ChessBase"]
[SourceDate "2015.09.14"]
[SourceVersion "1"]
[SourceVersionDate "2015.09.14"]
[SourceQuality "1"]

1. d4 Nf6 2. Bg5 d6 3. Bxf6 gxf6 4. e3 Nc6 5. Nf3 Bg7 6. c4 Bg4 7. Nc3 a6 8. Be2 Qd7 9. a3 0-0-0 10. b4 e5 11. b5 Nb8 12. Nd5 Be6 13. a4 f5 14. dxe5 dxe5 15. Rc1 Bxd5 16. cxd5 Qxd5 17. Qc2 Qd7 18. 0-0 Rhg8 19. Rfd1 Qe7 20. Qxf5+ Rd7 21. Rxd7 Qxd7 22. Qxh7 Qe8 23. Qc2 Qe7 24. bxa6 Nxa6 25. Bxa6 bxa6 26. Qc6 Rd8 27. Qxa6+ Kd7 28. Qc6+ Kc8 29. Qa6+ Kd7 30. Qb5+ Ke6 31. Qc4+ Kf6 32. Qh4+ Ke6 33. Qxe7+ Kxe7 34. Rxc7+ Rd7 35. Rxd7+ Kxd7 36. Nd2 Kc6 37. a5 Bf8 38. h4 f6 39. g4 Kb5 40. Nb3 Bd6 41. h5 Bf8 42. Kg2 Bh6 43. Kf3 Bg5 44. Ke4 1-0

[Event "Politiken Cup 37th"]
[Site "Helsingor"]
[Date "2015.07.27"]
[Round "4"]
[White "Fjallheim, Elmar Reinert"]
[Black "Christophersen, David"]
[Result "1-0"]
[WhiteElo "1601"]
[BlackElo "1854"]
[PlyCount "61"]
[EventDate "2015.07.25"]
[EventType "swiss"]
[EventRounds "10"]
[EventCountry "DEN"]
[SourceTitle "CBM 167 Extra"]
[Source "ChessBase"]
[SourceDate "2015.09.14"]
[SourceVersion "1"]
[SourceVersionDate "2015.09.14"]
[SourceQuality "1"]

1. e4 d6 2. d4 Nf6 3. Nc3 g6 4. Bg5 Bg7 5. Qd2 c6 6. Bd3 Qb6 7. Nf3 Bg4 8. Na4 Qc7 9. Bh6 Bxh6 10. Qxh6 Qa5+ 11. Nc3 Qb6 12. e5 Qxb2 13. Kd2 Nd5 14. Nxd5 cxd5 15. Rhb1 Qa3 16. Rxb7 Qa5+ 17. c3 Nd7 18. Qg7 0-0-0 19. Rb5 Qa4 20. exd6 Nb6 21. Rc5+ Kb8 22. dxe7 Rde8 23. Ne5 Qa3 24. Nxg4 Qb2+ 25. Bc2 Qxa1 26. Qe5+ Ka8 27. Nf6 Rc8 28. Nxd5 Qxa2 29. Nxb6+ axb6 30. Rxc8+ Rxc8 31. e8Q 1-0

[Event "Hillerod Byturnering B"]
[Site "Hillerod"]
[Date "2015.??.??"]
[Round "3"]
[White "Christophersen, David"]
[Black "Linderod, Lars Erik"]
[Result "0-1"]
[WhiteElo "1791"]
[BlackElo "1933"]
[PlyCount "76"]
[EventDate "2015.04.28"]
[EventType "tourn"]
[EventRounds "7"]
[EventCountry "DEN"]
[SourceTitle "EXT 2024"]
[Source "ChessBase"]
[SourceDate "2023.10.10"]
[SourceVersion "1"]
[SourceVersionDate "2023.10.10"]
[SourceQuality "1"]

1. d4 d6 2. Nf3 f5 3. Bf4 Nf6 4. e3 g6 5. c4 Bg7 6. Nc3 0-0 7. Be2 Qe8 8. Qc2 Na6 9. a3 c5 10. d5 h6 11. h4 Bd7 12. Rd1 Nc7 13. b4 b6 14. 0-0 Nh5 15. b5 Nxf4 16. exf4 Bf6 17. g3 Qf7 18. Bd3 Kg7 19. Ne2 a6 20. a4 axb5 21. axb5 Ra3 22. Rb1 Rfa8 23. Rb3 Ra2 24. Qd1 Bc8 25. Nc3 Bxc3 26. Rxc3 Qf6 27. Rc2 R2a3 28. Qe2 Kf7 29. Re1 Ra1 30. Rxa1 Rxa1+ 31. Kg2 e6 32. dxe6+ Nxe6 33. Ra2 Bb7 34. Rxa1 Qxa1 35. h5 gxh5 36. Kh3 Qh1+ 37. Nh2 Bg2+ 38. Kh4 Qxh2# 0-1

[Event "Hillerod Byturnering B"]
[Site "Hillerod"]
[Date "2015.??.??"]
[Round "5"]
[White "Christophersen, David"]
[Black "Nygaard, Soren"]
[Result "1-0"]
[WhiteElo "1791"]
[BlackElo "1747"]
[PlyCount "105"]
[EventDate "2015.04.28"]
[EventType "tourn"]
[EventRounds "7"]
[EventCountry "DEN"]
[SourceTitle "EXT 2024"]
[Source "ChessBase"]
[SourceDate "2023.10.10"]
[SourceVersion "1"]
[SourceVersionDate "2023.10.10"]
[SourceQuality "1"]

1. e4 c5 2. b4 cxb4 3. d4 g6 4. Nf3 Bg7 5. Bc4 e6 6. 0-0 Ne7 7. a3 bxa3 8. Bxa3 0-0 9. Nc3 d5 10. Bxe7 Qxe7 11. exd5 exd5 12. Nxd5 Qd6 13. Ng5 Bf5 14. Re1 Nc6 15. c3 Rac8 16. g4 Be6 17. Nxe6 fxe6 18. Rxe6 Qd8 19. Qe2 Kh8 20. Ne7 Nxe7 21. Rxe7 Rxc4 22. Rxg7 Kxg7 23. Qxc4 Qh4 24. Qc7+ Rf7 25. Qe5+ Kh6 26. Qe3+ Kg7 27. f3 Re7 28. Qf2 Qf6 29. Rxa7 Qc6 30. Ra3 Rf7 31. Kg2 Qd5 32. Qe3 Qd7 33. Qe5+ Kh6 34. g5+ Kh5 35. h4 Re7 36. Qg3 Re2+ 37. Kf1 Rb2 38. Ra1 Qf5 39. Qg4+ Qxg4 40. fxg4+ Kxh4 41. Rd1 Kxg5 42. d5 h5 43. d6 Kxg4 44. d7 Kf3 45. d8Q Rf2+ 46. Kg1 Rg2+ 47. Kh1 Rg4 48. Qf6+ Ke3 49. Qe5+ Kf2 50. Rd2+ Kf3 51. Rd3+ Kf2 52. Qe3+ Kf1 53. Rd1# 1-0

[Event "Hillerod Byturnering B"]
[Site "Hillerod"]
[Date "2015.??.??"]
[Round "6"]
[White "Kuhn, Morten"]
[Black "Christophersen, David"]
[Result "0-1"]
[WhiteElo "1858"]
[BlackElo "1791"]
[PlyCount "96"]
[EventDate "2015.04.28"]
[EventType "tourn"]
[EventRounds "7"]
[EventCountry "DEN"]
[SourceTitle "EXT 2024"]
[Source "ChessBase"]
[SourceDate "2023.10.10"]
[SourceVersion "1"]
[SourceVersionDate "2023.10.10"]
[SourceQuality "1"]

1. e4 e6 2. d4 c5 3. Nf3 cxd4 4. Nxd4 Nc6 5. Be3 Nf6 6. f3 d5 7. Nxc6 bxc6 8. Bd3 d4 9. Bd2 Qb6 10. b3 a5 11. 0-0 Ba6 12. Bxa6 Rxa6 13. Kh1 Be7 14. a4 0-0 15. Na3 Bxa3 16. Rxa3 Rd8 17. Ra1 Nd7 18. Qe2 Nc5 19. Qf2 Nd7 20. Rae1 e5 21. f4 f6 22. f5 c5 23. Qe2 Qc6 24. Qc4+ Kf8 25. Rf3 Ra7 26. Rh3 Nb6 27. Qe2 h6 28. Rg3 c4 29. Qg4 d3 30. Bxh6 Rdd7 31. cxd3 cxd3 32. Rc1 Qd6 33. Bd2 Rdc7 34. Rd1 Rc2 35. Qh5 Rf7 36. Qh8+ Ke7 37. Rxg7 Qc5 38. Rxf7+ Kxf7 39. Qh7+ Ke8 40. Qg6+ Kd7 41. Qh6 Qf2 42. Qg7+ Kc8 43. Bxa5 d2 44. Qf8+ Kb7 45. Qf7+ Ka6 46. Bxd2 Rxd2 47. Rg1 Re2 48. Qg6 Re1 0-1

[Event "Hillerod Nordea Cup C"]
[Site "Hillerod"]
[Date "2014.04.29"]
[Round "6"]
[White "Christophersen, David"]
[Black "Nygaard, Soren"]
[Result "1-0"]
[WhiteElo "1803"]
[BlackElo "1680"]
[PlyCount "93"]
[EventDate "2014.04.29"]
[EventType "tourn"]
[EventRounds "7"]
[EventCountry "DEN"]
[SourceTitle "EXT 2024"]
[Source "ChessBase"]
[SourceDate "2023.10.10"]
[SourceVersion "1"]
[SourceVersionDate "2023.10.10"]
[SourceQuality "1"]

1. d4 Nf6 2. c4 g6 3. Nc3 d5 4. Bg5 Ne4 5. h4 Nxg5 6. hxg5 e6 7. f4 Bg7 8. e3 c6 9. Nf3 Nd7 10. Qc2 dxc4 11. Bxc4 Qe7 12. 0-0-0 Nb6 13. Bb3 Bd7 14. Ne5 0-0 15. Rh3 Nd5 16. Rdh1 h5 17. gxh6 Bxe5 18. dxe5 Kh7 19. Ne4 Rac8 20. Ng5+ Kh8 21. h7 c5 22. Bxd5 exd5 23. Kb1 Bf5 24. e4 Bxh3 25. Rxh3 d4 26. Qc4 Rc7 27. e6 fxe6 28. Nxe6 Qf7 29. Nxf8 Qxf8 30. Qd5 b6 31. Qe5+ Rg7 32. g4 a6 33. f5 gxf5 34. exf5 b5 35. g5 a5 36. Rh6 c4 37. f6 Rf7 38. Rg6 Kxh7 39. Rh6+ Kg8 40. Qh2 Rh7 41. Rxh7 Qb4 42. Qb8+ Kxh7 43. Qe8 Qxb2+ 44. Kxb2 c3+ 45. Kc2 d3+ 46. Kxc3 b4+ 47. Kxd3 1-0

[Event "Copenhagen Bronshoj op"]
[Site "Copenhagen"]
[Date "2014.02.08"]
[Round "3"]
[White "Nielsen, Viktor Haarmark"]
[Black "Christophersen, David"]
[Result "1-0"]
[WhiteElo "2003"]
[BlackElo "1809"]
[PlyCount "23"]
[EventDate "2014.02.07"]
[EventType "swiss"]
[EventRounds "7"]
[EventCountry "DEN"]
[SourceTitle "CBM 158 Extra"]
[Source "ChessBase"]
[SourceDate "2014.02.28"]
[SourceVersion "1"]
[SourceVersionDate "2014.02.28"]
[SourceQuality "1"]

1. e4 d6 2. d4 Nf6 3. Nc3 Nbd7 4. f4 e5 5. Nf3 Qe7 6. Bd3 exd4 7. Nxd4 Nc5 8. 0-0 Nfxe4 9. Nxe4 Nxe4 10. Bxe4 c5 11. Nf3 Bg4 12. Re1 1-0